Byzantium and Istanbul.

Bibliographic Details
Main Author: Liddell, Robert, 1908-1992
Format: Book
Language:English
Published: London : Jonathan Cape, [1956]
Subjects:

MARC

Tag First Indicator Second Indicator Subfields
LEADER 00000cam a2200000 4500
001 in00000307183
005 20190504063114.0
008 760415s1956 enka 00000 eng d
035 |a (OCoLC)02113124 
035 |9 ABH5603AM 
040 |a DLC  |c FNP  |d TXA  |d UtOrBLW 
049 |a TXAM  |c [300160] 
050 0 |a DR722  |b .L5 1956a 
100 1 |a Liddell, Robert,  |d 1908-1992. 
245 1 0 |a Byzantium and Istanbul. 
264 1 |a London :  |b Jonathan Cape,  |c [1956] 
300 |a 256 pages :  |b illustrations 
336 |a text  |b txt  |2 rdacontent 
337 |a unmediated  |b n  |2 rdamedia 
338 |a volume  |b nc  |2 rdacarrier 
651 0 |a Istanbul (Turkey)  |x Description and travel. 
651 0 |a Istanbul (Turkey)  |x History. 
999 |a MARS 
999 f f |s 13699731-e699-3256-bfbe-2a37d00631d2  |i fe169058-6886-37d7-af14-c2e41f3ddea5  |t 0 
952 f f |p ric  |a Texas A&M University  |b Rellis Campus  |c Joint Library Facility  |d Remote Storage  |t 0  |e DR722 .L5 1956a  |h Library of Congress classification  |i unmediated -- volume  |m A14802021203 
998 f f |a DR722 .L5 1956a  |t 0  |l Remote Storage